Κατάλογος Βιβλιοθηκών Mediterranean College

Management 1ης Γραμμης (Record no. 773)

MARC details
000 -LEADER
fixed length control field 02371cam a22002054a 4500
005 - ΗΜΕΡΟΜΗΝΙΑ ΚΑΙ ΩΡΑ ΤΕΛΕΥΤΑΙΑΣ ΕΝΗΜΕΡΩΣΗΣ
Πεδίο ελέγχου 20250605163945.0
008 - FIXED-LENGTH DATA ELEMENTS--GENERAL INFORMATION
Πεδίο ελέγχου σταθερού μήκους 250528s ||||||||||||||||||||||||d
035 ## - SYSTEM CONTROL NUMBER
System control number 15179
020 ## - ISBN
ISBN 9607344316
040 ## - ΠΗΓΗ ΚΑΤΑΛΟΓΟΓΡΑΦΗΣΗΣ
Φορέας πρωτότυπης καταλογογράφησης MC Athens Campus Library
Γλώσσα καταλογογράφησης Ελληνικά, Μοντέρνα (1453-)
Modifying agency MC Athens Campus Library
Κανόνες περιγραφικής καταλογογράφησης AACR2
245 1# - ΤΙΤΛΟΣ ΚΑΙ ΔΗΛΩΣΗ ΥΠΕΥΘΥΝΟΤΗΤΑΣ
Τίτλος Management 1ης Γραμμης
260 ## - PUBLICATION, DISTRIBUTION, ETC.
Name of publisher, distributor, etc. Σύγχρονη Εκδοτική,
Date of publication, distribution, etc. 1994
300 ## - PHYSICAL DESCRIPTION
Extent 400
520 ## - SUMMARY, ETC.
Summary, etc. Ανώτερα Διοικητικά Στελέχη, Μεσαία Διοικητικά Στελέχη, Διοικητικά Στελέχη 1ης Γραμμής, Εργαζόμενοι (Υπαλληλικό ή Εργατικό Δυναμικό). Ο Ρόλος του Στελέχους στη Διοίκηση, Η Μοναδικότητα του Περιβάλλοντος της Οικονομικής Μονάδας, Το Διοικητικό Στέλεχος Πρώτης Γραμμής και η Διοικητική Διαδικασία, Κατάστρωση Προγραμμάτων και Εφαρμογή Πολιτικής, Η Εφαρμογή του Ελέγχου στους Ανθρώπους και στις Διαδικασίες, Η Δίοίκηση των Πληροφοριών και η Επίλυση των Προβλημάτων Αντικειμένων Μελέτης, Η Αποτελεσματική Οργάνωση Ενός Τμήματος, Διαχείριση Ανθρωπίνων Πόρων στην Διοίκηση Προσωπικού, Αξιολόγηση της Απόδοσης Ενός Εργαζομένου, Εκπαίδευση και Ανάπτυξη Προσωπικού, Υποκίνηση, Ηγεσία: Τέχνη και Επιστήμη, Αποτελεσματική Επικοινωνία με τους Εργαζόμενους, Συμβουλές για του Προβληματικούς Εργαζόμενους, Ο Χειρισμός, Πώς και Πότε να Ασκείτε Πειθαρχικό Έλεγχο, Βελτίωση της Παραγωγικότητας και της Καινοτομίας, Η Επίτευξη Υψηλότερης Ποιότητας Απόδοσης, Ο Έλεγχος του Κόστους και του Προϋπολογισμού.
700 1# - ΠΡΟΣΘΕΤΗ ΑΝΑΓΡΑΦΗ--ΦΥΣΙΚΟ ΠΡΟΣΩΠΟ
Personal name Κιουλαφας Κ.Κ
9 (RLIN) 1044
700 1# - ΠΡΟΣΘΕΤΗ ΑΝΑΓΡΑΦΗ--ΦΥΣΙΚΟ ΠΡΟΣΩΠΟ
Personal name Κυριαζόπουλος Παναγιώτης Γ
9 (RLIN) 1045
942 ## - ADDED ENTRY ELEMENTS (KOHA)
Koha item type Books
Holdings
Τύπος τεκμηρίου Βιβλιοθήκη Τρέχουσα τοποθεσία Barcode Αριθμός εισαγωγής Ημερομηνία απόκτησης Ταξιθετικό σύμβολο Αριθμός αντιτύπου Κατάσταση απόσυρσης Κατάσταση χαμένου Κατάσταση κατεστραμμένου Μη δανεισμός Σύνολο δανεισμών Ημερομηνία τελευταίας εμφάνισης Η τιμή ισχύει από
Books MC Athens Campus Library MC Athens Campus Library 9780000007728 1412 05/06/2025 658 KIR 1           05/06/2025 05/06/2025

MC Athens Campus Library
Πατησίων 94 & Κοδριγκτώνος 13, 104 34
Πελλήνης 8 & Πατησίων 107, 112 51
Τ: +30 210 8899600

MC Thessaloniki Campus Library
Ίωνος Δραγούμη 21, 54625 | Ίωνος Δραγούμη 15, 54625
Τ: +30 2310 287779 – Τ: +30 2314 440300